MARC details
| 000 -CABECERA |
| campo de control de longitud fija |
02380nam a2200253 i 4500 |
| 001 - NÚMERO DE CONTROL |
| campo de control |
Rebiun34540484 |
| 008 - DATOS DE LONGITUD FIJA--INFORMACIÓN GENERAL |
| campo de control de longitud fija |
221108s2022 sp b 000 0 spa d |
| 020 ## - NÚMERO INTERNACIONAL ESTÁNDAR DEL LIBRO |
| Número Internacional Estándar del Libro |
9788467064643 |
| 040 ## - FUENTE DE LA CATALOGACIÓN |
| Centro/agencia transcriptor |
tbs |
| 041 ## - CÓDIGO DE LENGUA |
| Código de lengua del texto/banda sonora o título independiente |
spa |
| 100 ## - ENTRADA PRINCIPAL--NOMBRE DE PERSONA |
| Nombre de persona |
Alonso Peña, José-Ramón |
| Fechas asociadas al nombre |
1962- |
| 9 (RLIN) |
25218 |
| Término indicativo de función/relación |
author |
| 245 13 - MENCIÓN DE TÍTULO |
| Título |
El cerebro enamorado |
| Resto del título |
: los mecanismos neuronales del amor |
| Mención de responsabilidad, etc. |
/ José Ramón Alonso. |
| 260 ## - PUBLICACIÓN, DISTRIBUCIÓN, ETC. |
| Lugar de publicación, distribución, etc. |
Barcelona : |
| Nombre del editor, distribuidor, etc. |
Espasa, |
| Fecha de publicación, distribución, etc. |
2022. |
| 300 ## - DESCRIPCIÓN FÍSICA |
| Extensión |
223 pages ; |
| Dimensiones |
23 cm. |
| 504 ## - NOTA DE BIBLIOGRAFÍA, ETC. |
| Nota de bibliografía, etc. |
Includes bibliographical references. |
| 505 ## - NOTA DE CONTENIDO CON FORMATO |
| Nota de contenido con formato |
La ciencia del amor — Las bases del amor — La importancia de la atracción — Males de amores — Eso de la modernidad. |
| 520 ## - SUMARIO, ETC. |
| Sumario, etc. |
El amor es la piedra angular de nuestra vida personal y social. Se le had dedicado miles de reflexiones literarias y artísticas, pero conocemos muy poco de sus bases científicas. Sin embargo, la cienca tiene muchísimo que decirnos sobre el amor, el proceso de enamoramiento, la ruptura o cómo reavivar una relación. Sin amor nuestra vida no tendríasentido, pues estamos programados para encontrar a una persona, establecer vínculos con ella e intentar tener una vida juntos. Cuanto más sabes sobre un tema, más lo disfrutas. Conociendo los mecanismos cerebrales del amor, entenderemos mejor cómo funciona para paliar frustraciones y fracasos, para hacer las cosas mejor cada día y tratar de alcanzar la plentitud en nuestra vida, también en nuestra vida amorosa. |
| 520 ## - SUMARIO, ETC. |
| Sumario, etc. |
Love is the cornerstone of our personal and social lives. It has inspired thousands of literary and artistic reflections, yet we know very little about its scientific foundations. However, science has a great deal to tell us about love—the process of falling in love, breakups, and how to rekindle a relationship.<br/><br/>Without love, our lives would lack meaning, as we are biologically programmed to find someone, form bonds with them, and try to build a life together. The more you know about a subject, the more you enjoy it. By understanding the brain mechanisms behind love, we can better grasp how it works—helping us to ease frustrations and overcome failures, to do things better each day, and to strive for fulfillment in life, including in our romantic lives. |
| 650 #0 - PUNTO DE ACCESO ADICIONAL DE MATERIA--TÉRMINO DE MATERIA |
| Término de materia o nombre geográfico como elemento de entrada |
Brain |
| 9 (RLIN) |
9635 |
| 650 #0 - PUNTO DE ACCESO ADICIONAL DE MATERIA--TÉRMINO DE MATERIA |
| Término de materia o nombre geográfico como elemento de entrada |
Love |
| 9 (RLIN) |
12253 |
| 650 #0 - PUNTO DE ACCESO ADICIONAL DE MATERIA--TÉRMINO DE MATERIA |
| Término de materia o nombre geográfico como elemento de entrada |
Neuropsychology |
| 9 (RLIN) |
11662 |
| 655 #0 - TÉRMINO DE INDIZACIÓN--GÉNERO/FORMA |
| Datos o término principal de género/forma |
Informational works |
| 9 (RLIN) |
23310 |
| 942 ## - ELEMENTOS DE ENTRADA AGREGADA (KOHA) |
| Fuente del sistema de clasificación o colocación |
Clasificación de Library of Congress |